书目信息 |
| 题名: |
个人劳动工资福利120问
|
|
| 作者: | 樊丽丽 主编 | |
| 分册: | ||
| 出版信息: | 北京 中国经济出版社 2006 |
|
| 页数: | 183页 | |
| 开本: | 21cm | |
| 丛书名: | ||
| 单 册: | ||
| 中图分类: | F249.24-44 | |
| 科图分类: | ||
| 主题词: | 社会保障--福利制度--中国--问答 , 劳动经济 , 工资制度--中国--问答 | |
| 电子资源: | ||
| ISBN: | 7-5017-7344-0 | |
| 000 | 00854nam0 2200265 450 | |
| 001 | CAL 012006024031 | |
| 005 | 20061120152341.62 | |
| 010 | @a7-5017-7344-0@dCNY 15.00 | |
| 099 | @aCAL 012006024031 | |
| 100 | @a20060315d2006 em y0chiy0120 ea | |
| 101 | 0 | @achi |
| 102 | @aCN@b110000 | |
| 105 | @ay z 000yy | |
| 200 | 1 | @a个人劳动工资福利120问@AGe Ren Lao Dong Gong Zi Fu Li 120 Wen@f樊丽丽主编 |
| 210 | @a北京@c中国经济出版社@d2006 | |
| 215 | @a183页@d21cm | |
| 330 | @a本书作者以工作经验尚浅的职场新人的角度,集中了当前劳动市场中最普遍的问题,结合法规条文\典型案例和具体做法为大家排疑解惑. | |
| 606 | 0 | @a社会保障@x福利制度@y中国@x问答 |
| 606 | 0 | @a劳动经济 |
| 606 | 0 | @a工资制度@y中国@x问答 |
| 690 | @aF249.24-44@v4 | |
| 701 | 0 | @a樊丽丽@AFan Li Li@4主编 |
| 801 | @aCN@c20061120 | |
| 905 | @a10447@dF249.24-44@eF060 | |
| 998 | @aCYC | |
| 个人劳动工资福利120问/樊丽丽主编.-北京:中国经济出版社,2006 |
| 183页;21cm |
| ISBN 7-5017-7344-0:CNY 15.00 |
| 本书作者以工作经验尚浅的职场新人的角度,集中了当前劳动市场中最普遍的问题,结合法规条文\典型案例和具体做法为大家排疑解惑. |
| ● |
| 相关链接 |
|
|
|
正题名:个人劳动工资福利120问
索取号:F249.24-44/F060
 
预约/预借
| 序号 | 登录号 | 条形码 | 馆藏地/架位号 | 状态 | 备注 |
| 1 | 611266 | 206112669 | 社科二线422/422社科库 29排3列1层/ [索取号:F249.24-44/F060] | 在馆 | |
| 2 | 611267 | 206112678 | 社科库409/409社科库 80排1列5层/ [索取号:F249.24-44/F060] | 在馆 | |
| 3 | 611268 | 206112687 | 社科二线422/422社科库 29排3列1层/ [索取号:F249.24-44/F060] | 在馆 |